000 00566cam a22002171 4500
001 he 67000224
003 DLC
005 20260227111443.0
008 830310s1965 is 000 0 heb
010 _ahe 67000224
035 _a(OCoLC)19140560
040 _aDLC
_cMH
_dCU
_dDLC
042 _apremarc
050 0 0 _aPJ5053.B75
_bL45
100 1 _aBroides, Abraham,
_d1907-1979.
245 1 0 _aLe-khol yemot ha-shanah.
260 _a[Tel Aviv] :
_bEmunim,
_c726 [1965 or 1966]
300 _a71 p. ;
_c17 x 18 cm.
500 _aPoems.
752 _aIsrael
_dTel Aviv
999 _c32119
_d32119